Southville International School and Colleges
Your cart is empty.
  • Cart
  • Lists
    Public lists Eva Luna New books Lux_list list_1
    Your lists Log in to create your own lists
  • Log in to your account
  • Your cookies
  • Search history
Southville International School and Colleges
  • Advanced search
  • Recent comments
  • Most popular
  • Libraries

Log in to your account

Log in with GOOGLE


If you do not have an external account, but do have a local account, you can still log in:

  1. Home
  2. MARC view: Green guide families:
Normal view MARC view ISBD view

Green guide families: (Record no. 288039)

[ view plain ]
MARC details
000 -LEADER
fixed length control field 00604nam a2200181Ia 4500
008 - FIXED-LENGTH DATA ELEMENTS--GENERAL INFORMATION
fixed length control field 150610s9999 xx 000 0 und d
020 ## - INTERNATIONAL STANDARD BOOK NUMBER
International Standard Book Number 9781426205422
050 ## - LIBRARY OF CONGRESS CALL NUMBER
Classification number HQ796
Item number .Z335 2010
100 ## - MAIN ENTRY--PERSONAL NAME
Personal name Zandonella, Catherine, 1968-
245 ## - TITLE STATEMENT
Title Green guide families:
Remainder of title the complete reference for eco-friendly parents /
Statement of responsibility, etc Catherine Zandonella.
260 ## - PUBLICATION, DISTRIBUTION, ETC. (IMPRINT)
Place of publication, distribution, etc USA :
Name of publisher, distributor, etc National Geographic Society,
Date of publication, distribution, etc 2010.
300 ## - PHYSICAL DESCRIPTION
Extent 398pages ;
Dimensions 24 cm.
504 ## - BIBLIOGRAPHY, ETC. NOTE
Bibliography, etc Includes index.
520 ## - SUMMARY, ETC.
Summary, etc Environmental aspects.
650 ## - SUBJECT ADDED ENTRY--TOPICAL TERM
Topical term following geographic name as entry element Environmentalism.
650 ## - SUBJECT ADDED ENTRY--TOPICAL TERM
General subdivision Environmental health.
650 ## - SUBJECT ADDED ENTRY--TOPICAL TERM
General subdivision Sustainable living.
Holdings
Withdrawn status Lost status Damaged status Home library Current library Shelving location Date acquired Total Checkouts Full call number Barcode Date last seen Price effective from Koha item type
      Stonyhurst Southville International School (Batangas) Stonyhurst Southville International School (Batangas) High School Section 06/10/2015   HQ796 .Z335 2010 US-1427 06/10/2015 06/10/2015 Books

Green guide families:

APA

Zandonella C. 1., . (2010). Green guide families. USA: National Geographic Society.

Chicago

Zandonella Catherine 1968, . 2010. Green guide families. USA: National Geographic Society.

Harvard

Zandonella C. 1., . (2010). Green guide families. USA: National Geographic Society.

MLA

Zandonella Catherine 1968, . Green guide families. USA: National Geographic Society. 2010.

  • Place hold
  • Print
  • Cite
  • Add to your cart (remove)
  • Save record
    BIBTEX Dublin Core MARCXML MARC (non-Unicode/MARC-8) MARC (Unicode/UTF-8) MARC (Unicode/UTF-8, Standard) MODS (XML) RIS
  • More searches
    Search for this title in:
    Other Libraries (WorldCat) Other Databases (Google Scholar) Online Stores (Bookfinder.com) Open Library (openlibrary.org)

Exporting to Dublin Core...

SOUTHVILLE LIBRARY

Southville International School and Colleges Library

1281 Tropical Ave. Cor. Luxembourg St., BF Homes International, Las Pinas City

Tel. No. 8256374 / 252358 Loc. 117/146

Powered by Koha